000 00911nac a22002657a 4500
001 BR8705511
003 BR-BrBNA
005 20240105120549.0
008 230509b bl.|||m| |||| 00| 0 por d
040 _aBR-BrBNA
_bpor
_cBiblioteca Nacional de Agricultura
072 _aL72
090 _a2890 BR8705511
110 1 _aCentro de Pesquisa Agropecuaria do Tropico Umido, Belem, PA (Brasil)
245 1 _aUso do timbo urucu (Dennis urucu)no controle do piolho (Maematopinus tuberculatus)em bubalinos
260 3 _aBelem, PA (Brasil):
_c1986.
300 _a15 p.
490 _aBoletim de Pesquisa - Centro de Pesquisa Agropecuaria do Tropico Umido (Brazil)
_vno. 78
_xISSN 0100-8102
500 _a10 ref.; 4 tables; Summaries (En, Pt)
650 _aPIOLHO
650 _aERRADICACAO
650 _aTIMBO
650 _aBUFALO
909 _a202312
_bLúcia Elande
_c55
_dLúcia Elande
942 _2AGRIS
_n0
_cMS
999 _c280178
_d280178